| 000 | 00533nam a2200193 i 4500 | ||
|---|---|---|---|
| 001 | bg | ||
| 100 | 1 | _aURBANEK, Adam | |
| 245 | 1 | 0 |
_aRewolucja naukowa w biologii / _cAdam Urbanek. |
| 260 |
_aWarszawa : _b"Wiedza Poeszechna", _c1973. |
||
| 490 | 1 |
_aOmega. Biblioteka Wiedzy Współczesnej ; _v247 |
|
| 650 | 9 | _aBiologia | |
| 655 | _aWydawnictwa popularne | ||
| 830 | _aOmega. Biblioteka Wiedzy Współczesnej ; | ||
| 040 | _cBPK | ||
| 041 | 0 | _apol | |
| 080 | _a57 | ||
| 942 | _cKS | ||
| 008 | s pl f |000 0 pol | ||
| 999 |
_c35583 _d35583 |
||
| 856 |
_uhttp://koha.tu.koszalin.pl/cgi-bin/koha/opac-detail.pl?biblionumber=35583 _yKatalog online BPK |
||